[Event "Cutro op-B 08th"]
[Site "Cutro"]
[Date "2002.04.27"]
[Round "4"]
[White "Liperoti, Mimmo"]
[Black "Londino, Eugenio"]
[Result "1-0"]
[WhiteElo "1600"]
[BlackElo "1473"]
[PlyCount "70"]
[EventDate "2002.04.24"]
[EventType "swiss"]
[EventRounds "9"]
[EventCountry "ITA"]
[SourceTitle "EXT 2024"]
[Source "ChessBase"]
[SourceDate "2023.10.10"]
[SourceVersion "1"]
[SourceVersionDate "2023.10.10"]
[SourceQuality "1"]

1. e4 c5 2. c4 e6 3. Nc3 g6 4. Nf3 Bg7 5. Be2 Ne7 6. d3 0-0 7. Bf4 Nbc6 8. Qd2 a6 9. Bh6 d6 10. h4 Qd7 11. g4 Re8 12. h5 Bh8 13. 0-0-0 Ne5 14. Ng5 N7c6 15. f4 f6 16. fxe5 fxg5 17. Qxg5 Nxe5 18. d4 Nf7 19. Qe3 Bxd4 20. Rxd4 cxd4 21. Qxd4 Nxh6 22. hxg6 Qg7 23. Qe3 hxg6 24. Rxh6 Re7 25. Qg5 Kf7 26. e5 dxe5 27. Bd3 Bd7 28. Bxg6+ Kf8 29. Rh7 Qxh7 30. Bxh7 Rxh7 31. Qf6+ Kg8 32. Ne4 Rf8 33. Qg6+ Rg7 34. Nf6+ Rxf6 35. Qxf6 e4 1-0